| 000 | 00561nam a2200157Ia 4500 | ||
|---|---|---|---|
| 008 | 170221s9999 xx 000 0 und d | ||
| 100 | _aMichael Aondo-verr Kombol | ||
| 245 | _aUses of Social Media among Selected Labour Unions in Abuja during Nigeria’s (January 2012) “Oil Subsidy” Removal Protests | ||
| 245 | _cMichael Aondo-verr Kombol | ||
| 260 | _bStudies in Media and Communication | ||
| 260 | _c2016 | ||
| 300 | _a5 : 5 | ||
| 650 | _xCommunication | ||
| 650 | _xMedia Arts | ||
| 856 | _uhttp://redfame.com/journal/index.php/smc/issue/view/16 | ||
| 999 |
_c312911 _d312911 |
||